El turno de los ofendidos. Territorialidad de la exclusión e identidades múltiples en dos novelas de Franz Galich
Gorde:
| Egile nagusia: | |
|---|---|
| Formatua: | Ezezaguna |
| Argitaratua: |
Roma, Italia:
Universita Cattolica,
|
| Etiketak: |
Etiketa erantsi
Etiketarik gabe, Izan zaitez lehena erregistro honi etiketa jartzen!
|
MARC
| LEADER | 000000000a22000000004500 | ||
|---|---|---|---|
| 001 | 001608 | ||
| 022 | |a 9788883114991 | ||
| 041 | 0 | |a Español | |
| 092 | 0 | |a Centroamericana | |
| 100 | 1 | |a Gianni, Silva | |
| 245 | 1 | 3 | |a El turno de los ofendidos. Territorialidad de la exclusión e identidades múltiples en dos novelas de Franz Galich |
| 260 | |a Roma, Italia: |b Universita Cattolica, | ||
| 310 | |a anual | ||
| 773 | 0 | |t Centroamericana | |
| 773 | 0 | |g número 12 (2007) | |
| 773 | 0 | |g 1990- | |
| 773 | 0 | |g 27-42 páginas | |
| 999 | |c 1901 |d 1901 | ||
